| 000 | 01053cam a2200289 4500 | ||
|---|---|---|---|
| 020 |
_a0070042934 (v. 1) _a0070042942 (v. 2) |
||
| 082 | 0 | 0 |
_a620.104 _bBEE |
| 100 | 1 |
_aBeer, Ferdinand Pierre, _937595 |
|
| 245 | 1 | 0 |
_aVector mechanics for engineers Statistics _c[by] Ferdinand P. Beer [and] E. Russell Johnston, Jr. |
| 250 | _a2d ed. | ||
| 260 |
_aNew York, _bMcGraw-Hill _c[1972] |
||
| 300 |
_a2 v. (875, lxiii p.) _billus. _c24 cm. |
||
| 505 | 0 | _a[1] Statics. [2] Dynamics. | |
| 526 |
_a0 _b0 _c0 _d620_104000000000000_BEE |
||
| 526 |
_a0 _b0 _c0 _d620_104000000000000_BEE |
||
| 526 |
_a0 _b0 _c0 _d620_104000000000000_BEE |
||
| 526 |
_a0 _b0 _c0 _d620_104000000000000_BEE |
||
| 526 |
_a0 _b0 _c0 _d620_104000000000000_BEE |
||
| 526 |
_a0 _b0 _c0 _d620_104000000000000_BEE |
||
| 526 |
_a0 _b0 _c0 _d620_104000000000000_BEE |
||
| 650 | 0 |
_aMCE _9379 |
|
| 650 | 0 |
_aMechanics, Applied _xProblems, exercises, etc. _938792 |
|
| 650 | 0 |
_aMechanics, Applied. _913090 |
|
| 650 | 0 |
_aVector analysis. _91184 |
|
| 700 | 1 |
_aJohnston, E. Russell _937917 |
|
| 942 |
_2ddc _cBK |
||
| 999 |
_c544825 _d544825 |
||